More than housing : lifeboats for women and children /

Bibliographic Details
Main Author: Sprague, Joan Forrester
Format: Book
Language:English
Published: Boston : Butterworth Architecture, [1991]
Subjects:

MARC

Tag First Indicator Second Indicator Subfields
LEADER 00000cam a2200000 a 4500
001 in00000990258
005 20150927180207.0
008 900920s1991 maua b 001 0 eng
010 |a  90049923  
020 |a 0750691468 (pbk.) 
035 |a (OCoLC)22510401 
035 |9 AEY9405AM 
040 |a DLC  |c DLC  |d TXA  |d UtOrBLW 
043 |a n-us--- 
049 |a TXAM 
050 0 0 |a HD7293  |b .S654 1991 
082 0 0 |a 363.5/96947  |2 20 
100 1 |a Sprague, Joan Forrester. 
245 1 0 |a More than housing :  |b lifeboats for women and children /  |c Joan Forrester Sprague. 
264 1 |a Boston :  |b Butterworth Architecture,  |c [1991] 
264 4 |c ©1991 
300 |a xi, 235 pages :  |b illustrations ;  |c 26 cm. 
336 |a text  |b txt  |2 rdacontent 
337 |a unmediated  |b n  |2 rdamedia 
338 |a volume  |b nc  |2 rdacarrier 
504 |a Includes bibliographical references (pages 226-229) and index. 
650 0 |a Single mothers  |x Housing  |z United States. 
650 0 |a Single-parent families  |x Housing  |z United States. 
999 |a MARS 
999 f f |s da8cd573-770d-3a42-a1a2-864f8acd4d43  |i a1dea4db-7799-3dda-934b-906b22222bf7  |t 0 
952 f f |p ric  |a Texas A&M University  |b Rellis Campus  |c Joint Library Facility  |d Remote Storage  |t 0  |e HD7293 .S654 1991  |h Library of Congress classification  |i unmediated -- volume  |m A14815367993 
998 f f |a HD7293 .S654 1991  |t 0  |l Remote Storage